Why there are no clitics (Record no. 63938)
[ view plain ]
| 000 -LEADER | |
|---|---|
| fixed length control field | 00380 a2200109 4500 |
| 100 1# - MAIN ENTRY--PERSONAL NAME | |
| Personal name | Everett, Daniel L. |
| 245 00 - TITLE STATEMENT | |
| Title | Why there are no clitics |
| Remainder of title | |
| Statement of responsibility, etc | Daniel L. Everett |
| 260 ## - PUBLICATION, DISTRIBUTION, ETC. (IMPRINT) | |
| Place of publication, distribution, etc | [Arlingtron]: |
| Name of publisher, distributor, etc | Summer Institute of Linguistics and University of Texas at Arlington, |
| Date of publication, distribution, etc | c1996. |
| 300 ## - PHYSICAL DESCRIPTION | |
| Extent | xii, 188p |
| 500 ## - GENERAL NOTE | |
| General note | Publications in Linguistics Publication 123 |
| 650 #4 - SUBJECT ADDED ENTRY--TOPICAL TERM | |
| Topical term or geographic name as entry element | GRAMMAR |
| General subdivision | CLITICS |
No items available.
